| 000 | 00768cam a2200205 4500 | ||
|---|---|---|---|
| 001 | WS114132 | ||
| 008 | 010815n 000 0 eng u | ||
| 035 | _a(Sirsi) u114132 | ||
| 245 | _aPlan Geomatique du Gouvernement du Quebec | ||
| 520 | _aWeb site for this Quebec goverment initiative to coordinate the management of the geographic information processing and delivery systems produced and used by 16 government departments and 11 agencies. | ||
| 650 |
_aGeomatics _96242 |
||
| 650 | _aCANADA | ||
| 650 | _aLAND INFORMATION SYSTEMS | ||
| 650 | _aGEOGRAPHIC INFORMATION | ||
| 650 | _aQUEBEC | ||
| 650 | _aINTERNATIONAL | ||
| 690 | _aPROPERTY | ||
| 856 | 4 | 0 |
_uhttps://www.pggq.gouv.qc.ca _zView the website free of charge at www.pggq.gouv.qc.ca... |
| 942 | _n0 | ||
| 999 |
_c119836 _d119836 |
||